000 00673nam a22001937a 4500
005 20171101130729.0
010 _aENG-121095
020 _a9788123017730
_c150.00
035 _aEN-104627
037 _bDBAD/PUB
082 _a954.04
100 _aRanade, Mahadeo Govind
245 _aRise of the Maratha power /
_cby Mahadeo Govind Ranade
260 _aNew Delhi
_bDirector General, Publication Division, Ministry of Information and Broatcasting, Government of India
_c2012
270 _aSoochna Bhawan, CGO Complex, Lodhi Road
_bNew Delhi
_e110003
300 _avii,152p.
_c24.5cm(pbk)
500 _aIncludes index
942 _2ddc
_cEN
_h954.04
_mRAN
999 _c146976
_d146976